Les pays producteurs de rubis dans le monde - Statistiques

Statistiques générales
  • Ce quiz a été pris 47 fois
  • Le résultat moyen est 5 sur 11
Statistiques - réponses
Pays % Correct
Tanzanie
70%
Australie
65%
Etats Unis
58%
Kenya
51%
Thaïlande
51%
Mozambique
49%
Madagascar
47%
Cambodge
44%
Viet Nam
40%
Sri Lanka
23%
Birmanie (Myanmar)
0%
Aucun quiz correspondant
Distribution des résultats
% des personnes avec chaque résultat
Percentile par nombre de réponses
Votre historique - résultats
Vous n’avez pas pris ce quiz